00421nam a22001457a 4500003001200000005001700012008004100029020001500070040001200085082002100097100003200118245007100150260001100221650004300232NUST - PNEC20170116181014.0150913b xxu||||| |||| 00| 0 eng d a0408013125 cLIBRARY a536.70285424 BAC aBacon, D. H. (Dennis Henry) aBASIC thermodynamics and heat transfercD. H. (Dennis Henry) Bacon cc.1983 aBASIC (Computer program language)xMIS